Salamandra : apuntes sobre incendios forestales = Apunts sobre incendis forestals = Notes sur les feux de forêt apuntes sobre incendios forestales = Apunts sobre incendis forestals = Notes sur les feux de forêt
Publicado:
Barcelona :
Diputació de Barcelona. Oficina Tècnica Municipal de Prevenció d'Incendis Forestals ,
2003
Descripción Física:
núm. ; taules, gràf.; 30 cm
MARC
| LEADER | 00000nas a2200000 a 4500 | ||
|---|---|---|---|
| 001 | 23769 | ||
| 003 | Arxiu | ||
| 005 | 20260324181055.0 | ||
| 008 | 160829s2007 xx 000 0 cat d | ||
| 080 | |a Revistes | ||
| 245 | |a Salamandra : |b apuntes sobre incendios forestales = Apunts sobre incendis forestals = Notes sur les feux de forêt | ||
| 260 | |a Barcelona : |b Diputació de Barcelona. Oficina Tècnica Municipal de Prevenció d'Incendis Forestals, |c 2003- | ||
| 300 | |a núm. ; |b taules, gràf.; |c 30 cm | ||
| 310 | |a Anual | ||
| 362 | |a Núm. 1 (gener 2003)- | ||
| 500 | |a Document creat pel Grup de treball "Salamandra" | ||
| 546 | |a Textos en català, castellà i francès | ||
| 650 | 0 | |a Incendis forestals |x Catalunya |v Revistes |9 39824 | |
| 710 | |a Barcelona (Catalunya : Província). |b Oficina Tècnica de Prevenció Municipal d'Incendis Forestals |9 9456 | ||
| 866 | |a Núm. 2 (desembre 2004) | ||
| 866 | |a Núm. 3 (juliol 2007) | ||
| 901 | |a Arxiu | ||
| 942 | |n 1 |2 udc |c ARXIU | ||
| 952 | |0 0 |1 0 |2 udc |4 0 |6 REV2386 |7 1 |9 55236 |a Arxiu |b Arxiu |d 2016-12-01 |h Núm. 3 (juliol 2007) |o Rev-2386 |p 23769 |r 2016-12-01 00:00:00 |w 2016-12-01 |y ARXIU | ||
| 952 | |0 0 |1 0 |2 udc |4 0 |6 REV2387 |7 1 |9 61379 |a Arxiu |b Arxiu |d 2022-04-26 |h Núm. 2 (desembre 2004) |o Rev-2387 |p 23768 |r 2022-04-26 00:00:00 |w 2022-04-26 |y ARXIU | ||
| 999 | |c 59108 |d 59108 | ||